|
|
|
|
| LEADER |
00000nab a2200000 a 4500 |
| 001 |
vtls009146369 |
| 003 |
SK-MaSNL |
| 005 |
20260305012643.0 |
| 008 |
071004c20070807xo drz 0 0slo |
| 038 |
|
|
|a KEVKJB
|
| 040 |
|
|
|a KEVKJB
|b slo
|c KEVKJB
|e AACR2
|
| 041 |
0 |
|
|a slo
|
| 044 |
|
|
|a xo
|c SK
|
| 080 |
|
|
|a 796.422.16
|2 2001
|
| 245 |
0 |
0 |
|a Pástorovi aj kavečianske kopce sedeli
|c [autor] (ao)
|
| 300 |
|
|
|b Fotogr.
|
| 611 |
2 |
7 |
|a Malý kavečiansky maratón
|n (19. :
|d 2007 :
|c Košice-Kavečany, Slovensko)
|2 kevkjb
|9 1589874
|
| 650 |
0 |
7 |
|a polmaratón
|2 kevkjb
|9 883568
|
| 651 |
|
7 |
|a Košice (Slovensko)
|2 kevkjb
|9 18694
|
| 651 |
|
7 |
|a Kavečany (Košice I, Slovensko)
|2 kevkjb
|9 29662
|
| 773 |
0 |
|
|t Košický denník Korzár
|g Roč. X, č. 181 (7.8.2007), s. 12
|x 1335-4566
|
| 852 |
|
|
|a KEVKJB
|b KIS3GCP
|
| 856 |
4 |
1 |
|u www.korzar.sk
|
| 999 |
|
|
|c 3258550
|d 3260480
|